000 00321nam a22001337a 4500
082 _a894.812.3
_bRAM/P
100 _aAMACHANDRAMENON , K.P
245 _aPANTHRANDU KATHA
_bPANTHRANDUM RATHRIYILE KATHA
260 _aTHIRUVANANTHAPURAM
_bPRABHATH BOOKS
300 _a217
520 _aNOVEL
650 _aNOVEL
942 _cBK
999 _c5017
_d5017